| 000 | 00493nam a22001577a 4500 | ||
|---|---|---|---|
| 999 |
_c9310 _d9310 |
||
| 008 | 210403b ||||| |||| 00| 0 eng d | ||
| 040 | _aBMS College of Architecture | ||
| 100 | _aKudva, M, Santhosh | ||
| 245 | _aTest cricket venue cum training centre Noida | ||
| 300 | _a13p, | ||
| 500 | _a1BM99AT028 | ||
| 502 |
_8B.Arch _NBMS College of Architecture, Visvesvaraya Technological University _aProject report _d2003 |
||
| 650 | _aCricket | ||
| 700 |
_aChandrashekar _eGuide |
||
| 942 |
_2ddc _cTHE |
||